00855nam a22002417a 4500999001700000005001700017008004100034017004200075020001800117040002300135082002200158100002400180245004200204250000900246260005200255300003400307504006000341650002400401650002600425650003800451942001200489952011200501 c65859d6585920240530110846.0201020s 2018ua h f b 000 0 ara d a2018/13154bمصر. دار الكتب a9789773641573 aEG-CaGPLcEG-CaGPL04221a726.2/bح م0 aحسين مؤنس12aالمساجد /cحسين مؤنس aط.1 aالقاهرة : bدار الرشاد،c2018. a495 ص :bايض ؛c24 سم. aيشتمل على ارجاعات ببليوجرافية072qrmakaالاثار072qrmakaالمساجد072qrmakaالمساجدxعمارة 2ddccBK 00104070aCAIbCAIcART-LIBRARYd2020-10-20l0o726.2/ ح مp166980r2020-10-20 00:00:00w2020-10-20yBK